Location of bank services and their role in the structural support of the EU

Guardado en:
Detalles Bibliográficos
Autor principal: Buček, Milan
Otros Autores: Horvátová, Eva, 1958-
Formato: Capítulo de libro
Lenguaje:inglés
Materias:
Etiquetas: Agregar Etiqueta
Sin Etiquetas, Sea el primero en etiquetar este registro!

MARC

LEADER 00000nla$a2200000$$$4500
001 0082858
005 20240502083220.7
041 0 |a eng 
044 |a GB 
245 1 0 |a Location of bank services and their role in the structural support of the EU  |c Milan Buček, Eva Horvátová 
610 2 0 |a banky 
610 2 0 |a služby bankové 
610 2 0 |a regióny 
610 2 0 |a Európska únia 
100 1 |a Buček, Milan 
700 1 |a Horvátová, Eva, 1958-